000 00300 a2200133 4500
001 156314
040 _cEscola São Tomás de Aquino
100 _aRIOS, Maria das Graças
240 1 0 _aChuva choveu
_lpor
245 1 0 _aChuva choveu
362 0 _a2013
697 _a*LITERATURA INFANTO
942 _cBK
999 _c156314
_d156314